[Event "21st Open"]
[Site "Bratto ITA"]
[Date "2001.08.27"]
[Round "6"]
[White "Caoili,A"]
[Black "Guido,F"]
[Result "0-1"]
[WhiteElo "2152"]
[BlackElo "2379"]

1.d4 Nf6 2.Nf3 e6 3.c4 b6 4.a3 Ba6 5.Qc2 Bb7 6.Nc3 c5 7.e4 cxd4 8.Nxd4 Bc5
9.Nf3 Nc6 10.b4 Nd4 11.Qd3 Nxf3+ 12.gxf3 Be7 13.Bg2 Qb8 14.Be3 O-O 15.f4 Nh5
16.Qd2 Rc8 17.Bf3 Nf6 18.Qd3 Qc7 19.Be2 d5 20.exd5 exd5 21.Nxd5 Nxd5 22.cxd5 Bxd5
23.O-O Qb7 24.Bd4 Rc6 25.f3 Qd7 26.Rad1 Rd8 27.Qe3 Re6 28.Qf2 Bb3 29.Rb1 Qxd4
30.Rxb3 Rxe2  0-1

[Event "ch-UKR"]
[Site "Ordzhonikidze UKR"]
[Date "2001.09.08"]
[Round "1"]
[White "Eljanov,P"]
[Black "Nosenko,A"]
[Result "1/2-1/2"]
[WhiteElo "2522"]
[BlackElo "2436"]

1.d4 Nf6 2.Nf3 e6 3.c4 b6 4.a3 Ba6 5.Qc2 c5 6.d5 exd5 7.cxd5 g6 8.Nc3 Bg7
9.g3 O-O 10.Bg2 d6 11.O-O Nbd7 12.Re1 Re8 13.h3 b5 14.Bf4 Qb6 15.e4 Rac8
16.Be3 Qb7 17.Bf1 Nb8 18.a4 b4 19.Bxa6 Qxa6 20.Nb5 Rxe4 21.Ng5 Re5 22.Bf4 Rxd5
23.Re7 Nc6 24.Rxf7 Rxg5 25.Bxg5 Nd4 26.Rxg7+ Kxg7 27.Nxd4 cxd4 28.Qd2 Qc4
29.Qf4 Qe6 30.Qxd4 Rc5 31.Bxf6+ Qxf6 32.Qxb4 Rc2 33.Qb7+ Qf7 34.Qxf7+ Kxf7
35.b4 Ke6 36.b5 Kd7 37.Kg2 Rb2 38.Kf3 Rb4 39.Ke3 d5 40.Rd1 Re4+ 41.Kf3 Kd6
42.Ra1 Rb4 43.Ke3 Re4+ 44.Kd3 Rb4 45.Ra3 g5 46.Ke2 Rb2+ 47.Kf3 Rb4 48.Ke2 Rb2+
49.Ke3 Rb4 50.Ra2 h5 51.Ra3 Ke5 52.Kd3  1/2-1/2

[Event "TCh-YUG"]
[Site "Herceg Novi YUG"]
[Date "2001.09.09"]
[Round "7"]
[White "Sakaev,K"]
[Black "Zontakh,A"]
[Result "1/2-1/2"]
[WhiteElo "2630"]
[BlackElo "2518"]

1.d4 Nf6 2.c4 e6 3.Nf3 b6 4.a3 Ba6 5.Qc2 Bb7 6.Nc3 c5 7.e4 cxd4 8.Nxd4 Bc5
9.Nb3 Nc6 10.Bd3 O-O 11.Nxc5 bxc5 12.O-O d6 13.Rb1 a5 14.h3 e5 15.b3 h6 16.Qd1 Re8
17.Rb2 Nd4 18.Re1 Bc6 19.a4 Qb6 20.Re3 Qb7 21.Kh2 Ra6 22.Bd2 Rb8 23.Be1 Kh8
24.f3 Nh5 25.Nb5 Qe7 26.Bb1  1/2-1/2

[Event "ch-UKR"]
[Site "Ordzhonikidze UKR"]
[Date "2001.09.10"]
[Round "3"]
[White "Eljanov,P"]
[Black "Moiseenko,A"]
[Result "1/2-1/2"]
[WhiteElo "2522"]
[BlackElo "2581"]

1.d4 Nf6 2.Nf3 e6 3.c4 b6 4.a3 Ba6 5.Qc2 c5 6.d5 exd5 7.cxd5 g6 8.Nc3 Bg7
9.g3 O-O 10.Bg2 d6 11.O-O Re8 12.Re1 Nbd7 13.h3 b5 14.e4 Qc8 15.Bf1 b4 16.Nb5 Bxb5
17.Bxb5 Rb8 18.a4 b3 19.Qc4 Nb6 20.Qxb3 Rxe4 21.Rxe4 Nxe4 22.Bc6 Nf6 23.Qd3 Qxh3
24.Bf4 Nc8 25.Ng5 Qf5 26.Qxf5 gxf5 27.Re1 Rxb2 28.Bd7 Nxd7 29.Re8+ Bf8 30.Rxc8 Rb8
31.Rc6 h6 32.Nf3 Rb6 33.a5 Rb1+ 34.Kg2 Rd1 35.Bxd6 Rxd5 36.Bc7 Bg7 37.Ra6 c4
38.Rxa7 c3 39.Bf4 Nc5 40.Rc7 Ne6 41.Rc8+ Kh7 42.a6 Nxf4+ 43.gxf4 Ra5 44.Ne5 Rxa6
45.Rxc3 Ra4 46.Kf3 h5 47.Rc6 Bh6 48.Nxf7 Ra3+ 49.Kg2 Bxf4 50.Rc4 Bb8 51.Ng5+ Kg6
52.Nf3 Ra6 53.Rc5 Ba7 54.Rc6+ Rxc6 55.Ne5+ Kg5 56.Nxc6 Bc5 57.Ne5  1/2-1/2

[Event "TCh-CRO"]
[Site "Pula CRO"]
[Date "2001.09.10"]
[Round "1"]
[White "Bilobrk,F"]
[Black "Radocaj,D"]
[Result "1/2-1/2"]
[WhiteElo "2366"]
[BlackElo "2359"]

1.d4 Nf6 2.Nf3 e6 3.c4 b6 4.a3 Bb7 5.Nc3 d5 6.cxd5 exd5 7.g3 Be7 8.Qa4+ c6
9.Bg2 O-O 10.O-O Na6 11.Ne5 Qe8 12.Bf4 Rd8 13.Rad1 Nh5 14.Bc1 f6 15.Nxc6 Qxc6
16.Qxc6 Bxc6 17.g4 Nc7 18.gxh5 Nb5 19.Nxb5 Bxb5 20.Bf3 Kf7 21.Bf4 Ke6 22.Rc1 Rc8
23.Kg2 Ba6 24.Kg3 Rg8 25.Rxc8 Rxc8 26.Rc1 Rxc1 27.Bxc1 f5 28.Bf4 Bf6 29.e3 Bd3
30.Bb8 a6 31.Bc7 b5 32.Bd1 Be7 33.Be5 g6 34.hxg6 hxg6 35.h4 Kf7 36.Bb3 Ke6
37.Bd1 Kf7 38.h5 g5 39.h6 Kg6 40.Bg7 Bd6+ 41.Kg2 g4 42.f3 gxf3+ 43.Bxf3 Be4
44.Bxe4 fxe4 45.Kh3 a5 46.Kg4 a4 47.Be5 Bxa3 48.bxa3 b4 49.axb4 a3 50.h7 Kxh7
51.b5 a2 52.b6 a1=Q 53.b7 Qg1+ 54.Bg3 Qxe3 55.b8=Q Qxd4 56.Be5 Qg1+ 57.Kf4 Qf2+
58.Kg5 Qg1+ 59.Bg3 Qe3+ 60.Bf4 Qg1+  1/2-1/2

[Event "5th Pablo Gorbea Mem Open"]
[Site "Madrid ESP"]
[Date "2001.09.13"]
[Round "7"]
[White "Hernandez,I PER"]
[Black "Hellsten,J"]
[Result "0-1"]
[WhiteElo "2258"]
[BlackElo "2471"]

1.d4 Nf6 2.c4 e6 3.Nf3 b6 4.a3 Ba6 5.Qc2 Bb7 6.Nc3 c5 7.e4 cxd4 8.Nxd4 d6
9.Be2 a6 10.Be3 Nbd7 11.O-O Rc8 12.f3 Be7 13.Rfd1 h5 14.Rac1 h4 15.b4 Qc7
16.Qb3 Qb8 17.Rc2 Bd8 18.Rcd2 Bc7 19.c5 bxc5 20.Nxe6 fxe6 21.Qxe6+ Kf8 22.Bf4 Re8
23.Qf5 Ne5 24.Bg5 Bc8 25.Qf4 Ng6 26.Qe3 d5 27.Nxd5 Nxd5 28.Rxd5 cxb4 29.Kh1 Be6  0-1

[Event "ch-UKR"]
[Site "Ordzhonikidze UKR"]
[Date "2001.09.14"]
[Round "7"]
[White "Romanishin,O"]
[Black "Neverov,V"]
[Result "1/2-1/2"]
[WhiteElo "2579"]
[BlackElo "2564"]

1.d4 Nf6 2.Nf3 e6 3.c4 b6 4.a3 Ba6 5.e3 d5 6.Nbd2 c5 7.b4 cxd4 8.Nxd4 Be7
9.Qa4+ Qd7 10.Qxd7+ Kxd7 11.Bb2 Rc8 12.Rc1 Ke8 13.Be2 Bb7 14.f3 Nc6 15.N4b3 a5
16.b5 Nb8 17.Kf2 Nbd7 18.a4 Nc5 19.Nxc5 Bxc5 20.Nb3 Bf8 21.Rc2 Nd7 22.Rhc1 dxc4
23.Bxc4 Rc7 24.Bd3 Rxc2+ 25.Bxc2 Rc8 26.Ke2 g6 27.Nd2 Bd6 28.h3 Be5 29.Ba3 Rc3
30.Bb3 Rxc1 31.Bxc1 Bd6 32.Nc4 Bc5 33.e4 f6 34.Bb2 Ke7 35.g4 g5 36.Bc2 h6
37.e5 Nxe5 38.Nxe5 fxe5 39.Bxe5 Kf7 40.Bd1 Bd5 41.Kd3 Kg6 42.Bg3 h5 43.Bc7 hxg4
44.hxg4 Kf6 45.Bd8+ Kg6 46.Kc3 Bf2 47.Bc2+ Kf7 48.Bd1 Kg6 49.Be7 Be3 50.Kd3 Bg1
51.Ke2 Bc4+ 52.Kd2 Bd5 53.Bc2+ Kf7 54.Bxg5 Bxf3 55.Bd1 Bd5 56.Kc3 Kg6 57.Bd8 e5
58.Bc2+ e4 59.Bb3 Bd4+ 60.Kc2 Bb7 61.Be6 e3 62.Bf5+ Kg7 63.Kd3 Bc5 64.g5 Bf3
65.Bf6+ Kf7  1/2-1/2

[Event "ch-UKR"]
[Site "Ordzhonikidze UKR"]
[Date "2001.09.14"]
[Round "7"]
[White "Eljanov,P"]
[Black "Fedorchuk,S"]
[Result "1/2-1/2"]
[WhiteElo "2522"]
[BlackElo "2490"]

1.d4 Nf6 2.Nf3 e6 3.c4 b6 4.a3 Ba6 5.Qc2 c5 6.d5 exd5 7.cxd5 g6 8.Bf4 d6
9.Nbd2 Bg7 10.e4 Bxf1 11.Kxf1 O-O 12.Nc4 Ne8 13.Qb3 Nd7 14.Re1 Ndf6 15.h3 Rb8
16.Qb5 Nh5 17.Bg5 Bf6 18.Bd2 a6 19.Qb3 Bg7 20.g4 Nhf6 21.Kg2 Qc7 22.Qd3 Nd7
23.b4 Rc8 24.Rc1 b5 25.Na5 c4 26.Qc2 Nef6 27.Bc3 Nb6 28.Rce1 Rce8 29.Ba1 Nfd7
30.Bxg7 Kxg7 31.Nc6 Ne5 32.Nfxe5 dxe5 33.Qc3 Kg8 34.f3 Qd6 35.Rhf1 Nd7 36.a4 Nb8
37.Na5 Re7 38.Rb1 Rc7 39.h4 Re7 40.h5 Rc7 41.hxg6 fxg6 42.Kf2 g5 43.Rh1 h6
44.Ke2 Rf6 45.Rh3 Re7 46.Kd2 Qb6 47.Qe3 Qxe3+ 48.Kxe3 Kg7 49.Ra1 Kf7  1/2-1/2

[Event "ECC"]
[Site "Panormo GRE"]
[Date "2001.09.26"]
[Round "4"]
[White "Markos,J"]
[Black "Iordachescu,V"]
[Result "1/2-1/2"]
[WhiteElo "2479"]
[BlackElo "2562"]

1.d4 Nf6 2.c4 e6 3.Nf3 b6 4.a3 c5 5.d5 Ba6 6.Qc2 exd5 7.cxd5 g6 8.Nc3 Bg7
9.g3 O-O 10.Bg2 d6 11.O-O Re8 12.Re1 Nbd7 13.Bf4 Qe7 14.h3 Ne4 15.Nxe4 Qxe4
16.Qd2 Nf6 17.Bxd6 Rad8 18.Ng5 Qa4 19.e4 Rxd6 20.e5 Rdd8 21.exf6 Bxf6 22.Ne4 Bg7
23.b4 cxb4 24.Qxb4 Qxb4 25.axb4 Bc4 26.Rxa7 Bxd5 27.Nf6+ Bxf6  1/2-1/2

[Event "ECC"]
[Site "Panormo GRE"]
[Date "2001.09.27"]
[Round "5"]
[White "Banikas,H"]
[Black "Stefansson,H"]
[Result "1/2-1/2"]
[WhiteElo "2531"]
[BlackElo "2586"]

1.d4 Nf6 2.c4 e6 3.Nf3 b6 4.a3 Bb7 5.Nc3 d5 6.cxd5 Nxd5 7.Bd2 Nd7 8.Qc2 c5
9.e4 cxd4 10.Nxd5 exd5 11.e5 a6 12.Bd3 Rc8 13.Qb1 g6 14.Bg5 Be7 15.Bh6 Bf8
16.Bg5 Be7 17.Bh6 Bf8  1/2-1/2

[Event "ECC"]
[Site "Panormo GRE"]
[Date "2001.09.28"]
[Round "6"]
[White "Pelletier,Y"]
[Black "Yemelin,V"]
[Result "0-1"]
[WhiteElo "2531"]
[BlackElo "2507"]

1.d4 Nf6 2.c4 e6 3.Nf3 b6 4.a3 c5 5.d5 Ba6 6.Qc2 exd5 7.cxd5 g6 8.Nc3 Bg7
9.g3 O-O 10.Bg2 d6 11.O-O Re8 12.Re1 b5 13.Bf4 Nh5 14.Bg5 Qb6 15.e4 Nd7 16.Bf1 Rac8
17.Be3 Bd4 18.Rad1 Bxe3 19.Rxe3 Nhf6 20.h3 b4 21.Na4 Qa5 22.Bxa6 Qxa6 23.Rde1 Ne5
24.Nd2 bxa3 25.f4 Ned7 26.Rxa3 c4 27.Kg2 Qb7 28.Rae3 Qb4 29.Nf3 Rb8 30.R1e2 Nc5
31.Nxc5 Qxc5 32.Qd2 Rb3 33.Rxb3 cxb3 34.e5 Nxd5 35.Qd3 dxe5 36.fxe5 Rb8 37.Kh2 Nc7
38.Nd4 Qd5 39.Rd2 Ne6 40.Nxb3 Qxb3  0-1

[Event "ECC"]
[Site "Panormo GRE"]
[Date "2001.09.28"]
[Round "6"]
[White "Mitkov,M"]
[Black "Berzinsh,R"]
[Result "0-1"]
[WhiteElo "2413"]
[BlackElo "2478"]

1.d4 Nf6 2.c4 e6 3.Nf3 b6 4.a3 Ba6 5.Qc2 Bb7 6.Nc3 c5 7.e4 cxd4 8.Nxd4 Nc6
9.Nxc6 Bxc6 10.Bf4 Bc5 11.Rd1 Nh5 12.Bd6 Bxd6 13.Rxd6 O-O 14.Be2 Nf4 15.g3 Nxe2
16.Qxe2 f5 17.O-O fxe4 18.Nxe4 a5 19.Rfd1 Qe8 20.Qg4 a4 21.Re1 Ra5 22.f4 Qa8
23.Ng5 Raf5 24.Qh3 Rxg5 25.fxg5 Qa5 26.Re3 Qc5 27.Rd3 Be4 28.Rc3 Rf3 29.g6 Bxg6
30.Qh4 h6  0-1

[Event "Chigorin Mem Open"]
[Site "St Petersburg RUS"]
[Date "2001.10.01"]
[Round "7"]
[White "Najer,E"]
[Black "Eliseev,A"]
[Result "1/2-1/2"]
[WhiteElo "2599"]
[BlackElo "2482"]

1.d4 Nf6 2.c4 e6 3.Nf3 b6 4.a3 Bb7 5.Nc3 Ne4 6.Nxe4 Bxe4 7.Nd2 Bb7 8.e4 Qf6
9.d5 Bd6 10.Bd3 O-O 11.O-O a5 12.Kh1 Bf4 13.Rb1 d6 14.g3 Bxd2 15.Bxd2 Nd7
16.b3 Rfe8 17.f3 Ba6 18.Bc1 Nc5 19.Be2 Qg6 20.Kg1 exd5 21.b4 axb4 22.axb4 Nxe4
23.fxe4 Bxc4 24.Bh5 Qxe4 25.Bxf7+ Kh8 26.Bxe8 Bxf1 27.Qxf1 Rxe8 28.Bd2 h6
29.Re1 Qd4+ 30.Qf2 Rxe1+ 31.Bxe1 Qd3 32.Qf8+ Kh7 33.b5 d4 34.Qe8 Qf5 35.Qc6 Qh5
36.Bd2 Qe2 37.Bf4 d3 38.Qd5 Kg6 39.h4 h5 40.Qg5+ Kh7 41.Qf5+ Kh8 42.Qd5 Kh7
43.Qf5+  1/2-1/2

[Event "Chigorin Mem Open"]
[Site "St Petersburg RUS"]
[Date "2001.10.02"]
[Round "8"]
[White "Pliasunov,A"]
[Black "Belukhin,I"]
[Result "1/2-1/2"]
[WhiteElo "2334"]
[BlackElo "2234"]

1.d4 Nf6 2.c4 e6 3.Nf3 b6 4.a3 Ba6 5.e3 d5 6.Nbd2 Be7 7.Qa4+ Qd7 8.Qc2 O-O
9.b4 dxc4 10.Nxc4 Bb7 11.Nce5 Qd6 12.Bb2 h6 13.Rc1 Rc8 14.Bd3 c6 15.O-O Nbd7
16.Rfd1 Nf8 17.e4 Qd8 18.Qb3 Rc7 19.a4 Rac8 20.a5 N6d7 21.Bb1 Nxe5 22.Nxe5 Nd7
23.Nc4 Qf8 24.axb6 axb6 25.b5 cxb5 26.Qxb5 Qd8 27.Ne3 Rxc1 28.Bxc1 Nf6 29.f3 Ne8
30.Qd3 Bb4 31.Bb2 Bf8 32.d5 exd5 33.exd5 g6 34.Ng4 h5 35.Ne5 Bg7 36.Nxf7 Kxf7
37.Qxg6+ Kf8 38.Ba3+ Rc5 39.Qxh5 Nf6 40.Qf5 Bc8 41.Qf4 Kg8 42.Bxc5 bxc5 43.Qc4 Qd6
44.Qb5 Bd7 45.Qa5 Kf7 46.Qd8 Bf8 47.Ba2 Qa6 48.d6+ Qxa2 49.Qb6 Qc4 50.Qb2  1/2-1/2

[Event "Chigorin Mem Open"]
[Site "St Petersburg RUS"]
[Date "2001.10.03"]
[Round "9"]
[White "Eljanov,P"]
[Black "Tunik,G"]
[Result "1/2-1/2"]
[WhiteElo "2522"]
[BlackElo "2460"]

1.d4 Nf6 2.Nf3 e6 3.c4 b6 4.a3 Ba6 5.Qc2 Bb7 6.Nc3 c5 7.e4 cxd4 8.Nxd4 d6
9.Be2 Be7 10.Be3 a6 11.f3 Qc7 12.g4 O-O 13.g5 Nfd7 14.h4 Ne5 15.Qb3 Rc8 16.Rc1 Nbd7
17.h5 Nxc4 18.Ncb5 axb5 19.Nxb5 Qb8 20.Rxc4 d5 21.Rxc8+ Qxc8 22.g6 Nc5 23.gxf7+ Kxf7
24.Qc3 dxe4 25.h6 Nd3+ 26.Bxd3 Qxc3+ 27.Nxc3 exd3 28.hxg7 Kxg7 29.Bxb6 Bf6
30.Kd2 Bc6 31.Bc5 Kg6 32.Kxd3 Bxf3 33.Rg1+ Kf7 34.Ke3 Bc6 35.Bd4 e5 36.Bc5 Ke6
37.Ne4 Bxe4 38.Kxe4 h5 39.b3 h4 40.a4 h3 41.Rh1 Rh8 42.a5 Rh4+ 43.Kf3 Kd5
44.b4 Rh8 45.Kg3 e4 46.Rxh3 Be5+ 47.Kg4 Rxh3 48.Kxh3 Kc4 49.a6 Bb8  1/2-1/2

[Event "TCh-RUS Siberian Zone"]
[Site "Omsk RUS"]
[Date "2001.10.05"]
[Round "1"]
[White "Iskusnyh,S"]
[Black "Sherbakov,V"]
[Result "1/2-1/2"]
[WhiteElo "2523"]
[BlackElo "2415"]

1.d4 Nf6 2.c4 e6 3.Nf3 b6 4.a3 Bb7 5.Nc3 g6 6.Qc2 Bxf3 7.exf3 Bg7 8.Be3 O-O
9.g4 d5 10.O-O-O Nc6 11.Kb1 Ne7 12.h4 dxc4 13.Bxc4 Ned5 14.h5 Nxc3+ 15.Qxc3 Nd5
16.Qc1 b5 17.Bxb5 Rb8 18.Bc6 Qd6 19.Rd3 Rb6 20.Bxd5 Qxd5 21.hxg6 hxg6 22.Bh6 Rfb8
23.Bxg7 Rxb2+ 24.Qxb2 Rxb2+ 25.Kxb2 Kxg7 26.Rc1 Qb5+ 27.Rb3 Qe2+ 28.Rc2 Qd1
29.Rxc7 Qxd4+ 30.Rbc3 Qxf2+ 31.Kb3 Qb6+ 32.Kc2 Qf2+ 33.Kb3 Qb6+  1/2-1/2

[Event "FSIMA October"]
[Site "Budapest HUN"]
[Date "2001.10.08"]
[Round "3"]
[White "Galyas,M"]
[Black "Somogyi,I"]
[Result "1-0"]
[WhiteElo "2347"]
[BlackElo "2254"]

1.d4 Nf6 2.Nf3 e6 3.c4 b6 4.a3 Bb7 5.Nc3 d5 6.cxd5 Nxd5 7.Qc2 Be7 8.e4 Nxc3
9.bxc3 O-O 10.Bd3 Nd7 11.O-O c5 12.Bb2 Re8 13.Qe2 Qc7 14.e5 Kh8 15.h4 f5
16.Ng5 Qc6 17.f3 c4 18.Bc2 h6 19.Nh3 Bxh4 20.Nf4 Kh7 21.g4 g6 22.Bc1 Bg5
23.Qh2 Kg7 24.gxf5 exf5 25.Kh1 Bxf4 26.Bxf4 g5 27.Rae1 Qe6 28.Qh5 Bd5 29.Bxg5 hxg5
30.Rg1 g4 31.Rxg4+  1-0

[Event "FSGM October"]
[Site "Budapest HUN"]
[Date "2001.10.08"]
[Round "3"]
[White "Husari,Sa"]
[Black "Koneru,H"]
[Result "0-1"]
[WhiteElo "2369"]
[BlackElo "2484"]

1.d4 Nf6 2.c4 e6 3.Nf3 b6 4.a3 Bb7 5.Nc3 d5 6.cxd5 exd5 7.g3 Be7 8.Bg2 O-O
9.O-O Na6 10.Bf4 c5 11.Qc2 Nc7 12.Rfd1 Ne6 13.dxc5 bxc5 14.Be5 Qd7 15.Bh3 Rac8
16.Ng5 g6 17.Nxe6 fxe6 18.e3 Qc6 19.Qa4 Kf7 20.Qxc6 Bxc6 21.Ne2 g5 22.Bg2 Nd7
23.Bc3 Rb8 24.b4 Bb5 25.Re1 Bc4 26.Bf3 Kg6 27.Bg2 Bxe2 28.Rxe2 cxb4 29.axb4 Bxb4
30.Bxb4 Rxb4 31.Rea2 Rfb8 32.Rxa7 Rb1+ 33.Bf1 Ne5 34.Kg2 Rxa1 35.Rxa1 Rb2
36.h3 g4 37.h4 h5 38.Rd1 Kf6 39.Ba6 Ra2 40.Bb5 Rb2 41.Ba6 Ke7 42.Bf1 Kd6
43.Ra1 Nc4 44.Kg1 Ke5 45.Bd3 Kf6 46.Bf1 Nd2 47.Bg2 Nf3+ 48.Kf1 Kf5 49.Rc1 e5
50.Rd1 d4 51.exd4 exd4 52.Ra1 d3 53.Bxf3 gxf3 54.Ke1 Re2+ 55.Kd1 Rxf2 56.Ra4 Ke5
57.Rf4 Kd5 58.Rf8 Ke4 59.Rf7 Rg2 60.Re7+ Kf5 61.Rf7+ Kg4 62.Rg7+ Kh3 63.Rf7 Kxg3
64.Rd7 Rg1+ 65.Kd2 f2 66.Rxd3+ Kg2  0-1

[Event "ch-SLO"]
[Site "Grize SLO"]
[Date "2001.10.08"]
[Round "8"]
[White "Soln,P"]
[Black "Podlesnik,B"]
[Result "1/2-1/2"]
[WhiteElo "2421"]
[BlackElo "2393"]

1.d4 Nf6 2.c4 e6 3.Nf3 b6 4.a3 Bb7 5.Nc3 g6 6.Qc2 d5 7.Bf4 a6 8.cxd5 exd5
9.e3 Bg7 10.Na4 c6 11.Bd3 O-O 12.O-O Re8 13.Rac1 Nbd7 14.Qb3 a5 15.Ne5 Nxe5
16.Bxe5 Nd7 17.Bxg7 Kxg7 18.Rc2 Rb8 19.Rfc1 Re6 20.Qc3 f5 21.Qd2 Qf6 22.Nc3 Qe7
23.Ne2 Qd6 24.Nf4 Re7 25.Bf1 Ra8 26.b4 axb4 27.axb4 b5 28.Nd3 Ree8 29.Ra2 Rxa2
30.Qxa2 Ra8 31.Qb2 Qb8 32.Ne5 Qd6 33.Nd3 Qb8 34.Ra1 Rxa1 35.Qxa1 Qa8 36.Qxa8 Bxa8
37.f3 Kf6 38.Kf2 g5 39.Nc5 Nxc5 40.bxc5 Bb7 41.Ke1 Bc8 42.Kd2 h5 43.Kc3 Ke7
44.Kb4 Kd8 45.Bd3 Be6 46.Ka5 Kc7 47.g3  1/2-1/2

[Event "ULIM Cup"]
[Site "Kishnev MDA"]
[Date "2001.10.09"]
[Round "3"]
[White "Voiteanu,G"]
[Black "Podgursky,S"]
[Result "0-1"]
[WhiteElo "2097"]
[BlackElo "2235"]

1.d4 Nf6 2.c4 e6 3.Nf3 b6 4.a3 Bb7 5.Nc3 d5 6.cxd5 exd5 7.Bg5 Be7 8.e3 O-O
9.Bd3 Nbd7 10.O-O Re8 11.Rc1 Nf8 12.Ne5 N6d7 13.Bxe7 Rxe7 14.Nxd7 Qxd7 15.Ne2 Qd6
16.Ng3 g6 17.Qg4 Kh8 18.Rc3 a5 19.Rfc1 Ne6 20.Qf3 Rd8 21.Qf6+ Kg8 22.Bf5 c5
23.Bxe6 Rxe6 24.Qg5 c4 25.Nf5 Qf8 26.Nh6+ Kg7 27.Ng4 b5 28.e4 f6 29.Qh6+ Kg8
30.Qxf8+ Kxf8 31.e5 fxe5 32.Rf3+ Ke7 33.Nxe5 Rxe5 34.dxe5 d4 35.Rh3 h5 36.a4 Bd5
37.Rh4 Be6 38.axb5 a4 39.b6 d3 40.b7 Rb8  0-1

[Event "FSIMA October"]
[Site "Budapest HUN"]
[Date "2001.10.10"]
[Round "5"]
[White "Cooke,E"]
[Black "Somogyi,I"]
[Result "0-1"]
[WhiteElo "2212"]
[BlackElo "2254"]

1.d4 Nf6 2.c4 e6 3.Nf3 b6 4.a3 Bb7 5.Nc3 d5 6.cxd5 Nxd5 7.Qc2 Be7 8.e4 Nxc3
9.bxc3 O-O 10.Bd3 c5 11.O-O Nd7 12.Rd1 Qc7 13.Qe2 c4 14.Bc2 e5 15.Ba4 exd4
16.cxd4 Nf6 17.d5 Bc5 18.Bg5 Ng4 19.Bh4 f6 20.Bg3 Ne5 21.Nd4 Bxd4 22.Rxd4 b5
23.Bc2 Qc5 24.Rdd1 Rfe8 25.Kf1 Rad8 26.f4 Nf7 27.Qh5 g6 28.Qg4 Qe7 29.Bh4 Bc8
30.Qg3 Kh8 31.Qc3 Kg7 32.e5 g5 33.exf6+ Qxf6 34.Qxf6+ Kxf6 35.fxg5+ Kg7 36.g6 hxg6
37.Bxd8 Rxd8 38.Rab1 a6 39.Be4 Nd6 40.Bf3 Bf5 41.Rbc1 a5 42.g4 Bd3+ 43.Rxd3 cxd3
44.Rd1 Nc4 45.Rxd3 Ne5 46.Rb3 Nxf3 47.Rxf3 Rxd5 48.Rc3 Kf6 49.Kg2 Ke5 50.Kg3 b4
51.axb4 axb4 52.Rb3 Rb5 53.h4 Kd4 54.Kf4 Kc4 55.Rb1 b3 56.g5 Kc3 57.h5 Rb4+
58.Ke5 gxh5 59.g6 b2  0-1

[Event "It"]
[Site "Durres ALB"]
[Date "2001.10.13"]
[Round "3"]
[White "Mitkov,M"]
[Black "Rajkovic,Du"]
[Result "1/2-1/2"]
[WhiteElo "2413"]
[BlackElo "2518"]

1.d4 Nf6 2.c4 e6 3.Nf3 b6 4.a3 Ba6 5.Qc2 Bb7 6.Nc3 c5 7.dxc5 bxc5 8.e3 Be7
9.Be2 O-O 10.O-O d5 11.Rd1 Nbd7 12.cxd5 exd5 13.e4 d4 14.e5 dxc3 15.exf6 Bxf6
16.bxc3 Qe7 17.Bf4 Ne5 18.Nxe5  1/2-1/2

[Event "FSIMA October"]
[Site "Budapest HUN"]
[Date "2001.10.14"]
[Round "9"]
[White "Galyas,M"]
[Black "Berczes,D"]
[Result "1-0"]
[WhiteElo "2347"]
[BlackElo "2140"]

1.d4 Nf6 2.Nf3 e6 3.c4 b6 4.a3 Bb7 5.Nc3 d5 6.cxd5 Nxd5 7.Qc2 Nxc3 8.bxc3 Be7
9.e4 O-O 10.Bd3 c5 11.O-O Qc8 12.Qe2 Ba6 13.Bf4 cxd4 14.cxd4 Bxd3 15.Qxd3 Qa6
16.Qe3 Nd7 17.Rfd1 Nf6 18.Ne5 Qb7 19.Bg5 Ne8 20.Bxe7 Qxe7 21.Rac1 Nf6 22.Nc6 Qb7
23.d5 Rac8 24.Qf3 Rfe8 25.h3 Nd7 26.Qb3 exd5 27.exd5 Nb8 28.Qf3 Qd7 29.Nxb8 Rxb8
30.d6 Rbc8 31.Qd5 Kf8 32.Qd3 Kg8 33.Rxc8 Rxc8 34.Re1 Rd8 35.Re7 Qc6 36.Rc7 Qa4
37.d7 Qa5 38.Qe3 Kf8 39.Rc8 b5 40.Qc5+  1-0

[Event "Essent Open"]
[Site "Hoogeveen NED"]
[Date "2001.10.15"]
[Round "4"]
[White "Riazantsev,A"]
[Black "Epishin,V"]
[Result "1/2-1/2"]
[WhiteElo "2500"]
[BlackElo "2583"]

1.d4 Nf6 2.Nf3 e6 3.c4 b6 4.a3 Bb7 5.Nc3 d5 6.Bg5 Be7 7.Bxf6 Bxf6 8.cxd5 exd5
9.Qb3 O-O 10.Rd1 c6 11.g3 Nd7 12.Bg2 Be7 13.O-O Nf6 14.Ne5 Rc8 15.e4 g6 16.exd5 cxd5
17.Rfe1 a6 18.Nd3 b5 19.a4 Rc4 20.axb5 axb5 21.Qxb5 Ba8 22.Nf4 Rb4 23.Qe2 Re8
24.Qc2 g5 25.Nfe2 Bf8 26.Ra1 h6 27.Ra4 Rb6 28.Rea1 Bb7 29.Ra7 Qc8 30.Qd2 Rbe6
31.Bf1 Ne4 32.Nxe4 dxe4 33.Bh3 e3 34.fxe3 Bf3 35.d5 Rxe3 36.Bxc8 Rxe2 37.Qd4 g4
38.Bf5 Bg7 39.Qc5 Rg2+ 40.Kf1 Rxh2 41.Be6 fxe6 42.Ra8 Rh1+ 43.Kf2 Rh2+ 44.Ke1 Re2+
45.Kf1 exd5 46.Rxe8+ Rxe8 47.Ra7 Be4 48.Rxg7+ Kxg7 49.Qc3+ Kf7 50.b4 Bf3
51.Qd4 Re6 52.Qc5 d4 53.Qxd4 Re7 54.Qf4+ Ke8 55.Qxh6 Kf7 56.Qf4+ Ke8 57.Qg5 Kf7
58.b5 Ke8 59.Qg6+ Kd7 60.b6 Be2+ 61.Kf2 Bf3 62.Qf6 Re2+ 63.Kf1 Re7 64.Qf5+ Kc6
65.Qf6+ Kd7 66.b7 Bxb7 67.Qd4+ Ke8 68.Qxg4 Kf7 69.Qf5+ Kg7 70.Qg5+ Kf7 71.Kf2 Be4
72.Ke3 Bg6+ 73.Kf4 Re4+ 74.Kf3 Re6 75.Qc5 Kg8 76.Qc8+ Re8 77.Qg4 Kf7 78.Qc4+ Kg7
79.Qc3+ Kg8 80.Kf4 Bf7 81.Kf5 Re6 82.Qc8+ Kg7 83.Qc3+ Kg8 84.Qd2 Rg6 85.Qe3 Kg7
86.Qd4+ Kg8 87.Qe5 Kh7 88.Qe7 Kg7 89.Qh4 Be6+ 90.Ke5 Bf7 91.Qd4 Kg8 92.Kf4 Kh7
93.Qd7 Kg7 94.Qe7 Re6 95.Qg5+ Rg6 96.Qe5+ Kg8 97.Kf5 Kh7 98.Qe3 Kg7 99.Qc3+ Kg8
100.Kf4 Kh7 101.Qb2 Kg8 102.Qd4 Kh7 103.Qc3 Kg8 104.Kf5 Kh7 105.Qc5 Kg8  1/2-1/2

[Event "ULIM Cup"]
[Site "Kishnev MDA"]
[Date "2001.10.15"]
[Round "9"]
[White "Luzhinsky,V"]
[Black "Bargan,S"]
[Result "0-1"]
[WhiteElo "2348"]
[BlackElo "2217"]

1.d4 Nf6 2.Nf3 e6 3.c4 b6 4.a3 Bb7 5.Nc3 Be7 6.Bg5 O-O 7.Qc2 h6 8.Bh4 c5
9.dxc5 bxc5 10.e3 d5 11.Be2 Ne4 12.Bxe7 Qxe7 13.cxd5 exd5 14.Nxe4 dxe4 15.Nd2 Nd7
16.O-O Kh8 17.Rac1 f5 18.Bb5 Rac8 19.Bxd7 Qxd7 20.Rfd1 Qe7 21.Nc4 Rc7 22.h3 Rb8
23.Rd6 Bc8 24.Qc3 Be6 25.Rcd1 Kh7 26.Na5 Rb6 27.Rd8 Bd7 28.Ra8 Rd6 29.Rxd6 Qxd6
30.Nc4 Qe7 31.Rb8 Be6 32.Ne5 Qd6 33.Rb5 g5 34.Rb8 Rg7 35.Rb5 Rc7 36.a4 f4
37.Rb8 Rg7 38.Re8 f3 39.gxf3 Qd1+ 40.Kh2 Qe2 41.Kg2 Bxh3+ 42.Kxh3 g4+ 43.fxg4 Qxf2
44.Qxc5  0-1

[Event "Sportland NRW Cup"]
[Site "Senden GER"]
[Date "2001.10.16"]
[Round "4"]
[White "Khenkin,I"]
[Black "Lingnau,C"]
[Result "1/2-1/2"]
[WhiteElo "2572"]
[BlackElo "2418"]

1.d4 Nf6 2.c4 e6 3.Nf3 b6 4.a3 Bb7 5.Nc3 d5 6.cxd5 Nxd5 7.e3 g6 8.Bb5+ c6
9.Ba4 Bg7 10.O-O O-O 11.e4 Nxc3 12.bxc3 c5 13.Bg5 Qd6 14.e5 Qc7 15.h4 Nc6
16.Re1 Ne7 17.h5 h6 18.Be3 Rad8 19.Nd2 Nf5 20.Qg4 b5 21.Bb3 gxh5 22.Qxh5 Qa5  1/2-1/2

[Event "Sportland NRW Cup"]
[Site "Senden GER"]
[Date "2001.10.17"]
[Round "5"]
[White "Kalinitschew,S"]
[Black "Wegener,O"]
[Result "1-0"]
[WhiteElo "2487"]
[BlackElo "2312"]

1.d4 Nf6 2.c4 e6 3.Nf3 b6 4.a3 Bb7 5.Nc3 d5 6.Bg5 Be7 7.Bxf6 Bxf6 8.cxd5 exd5
9.Qa4+ c6 10.g3 O-O 11.Bg2 Na6 12.O-O Nc7 13.Rad1 Re8 14.Rfe1 c5 15.e3 Qd6
16.Qc2 Qf8 17.Rd2 Red8 18.Red1 Rab8 19.h3 Qe7 20.Kh2 Ba8 21.Qf5 Qe6 22.Qd3 Qe7
23.Qc2 Bb7 24.Qa4 a6 25.Qc2 Ba8 26.Kg1 Bc6 27.Kh2 Ba8 28.Qf5 Qe6 29.Qd3 Qe7
30.Qc2 Bc6 31.Ng1 cxd4 32.exd4 Ne6 33.f4 Qd6 34.Nf3 Bb7 35.Ne5 Be7 36.Re2 f6
37.Nf3 Bf8 38.Nh4 Nc7 39.Nf5 Qd7 40.Ne3 b5 41.Qb3 Kh8 42.h4 a5 43.Bh3 Qd6
44.Nf5 Qc6 45.Rde1 Qc4 46.Qd1 Qc6 47.Ne7 Qd6 48.Bf5 g6 49.Bxg6 hxg6 50.Nxg6+ Kg7
51.Re7+ Bxe7 52.Rxe7+ Qxe7 53.Nxe7 Kf7 54.Nf5 Bc8 55.Qh5+ Ke6 56.Qh7 Rd7
57.Qg8+ Kxf5 58.Kh3  1-0

[Event "TCh-SLO"]
[Site "Bled SLO"]
[Date "2001.10.18"]
[Round "1"]
[White "Cebalo,M"]
[Black "Sax,G"]
[Result "1-0"]
[WhiteElo "2492"]
[BlackElo "2593"]

1.d4 Nf6 2.c4 e6 3.Nf3 b6 4.a3 c5 5.d5 Ba6 6.Qc2 exd5 7.cxd5 g6 8.Nc3 Bg7
9.g3 O-O 10.Bg2 d6 11.O-O b5 12.Re1 Nbd7 13.h3 Rc8 14.e4 Qb6 15.Bf1 Ne8 16.Bg5 Nc7
17.h4 Rce8 18.Bf4 Ne5 19.Nxe5 Bxe5 20.Bh6 Bg7 21.Bxg7 Kxg7 22.b4 f6 23.bxc5 Qxc5
24.Qb2 Rb8 25.Ne2 Qb6 26.Nd4 Bc8 27.Rac1 Bd7 28.a4 b4 29.Nc6 a5 30.Nxb8 Rxb8
31.Qb3 Na8 32.Rc2 Qd8 33.Ra1 Qe8 34.Qe3 Rb7 35.Rac1 Nb6 36.Ba6 Rb8 37.Bb5 Rb7
38.Rc7 Qb8 39.Rxb7 Qxb7 40.Bc6 Qb8 41.Qb3 Qa7 42.Qe3 Bc8 43.Qd3 Bd7 44.Qc2 Kf7
45.h5 Bg4 46.Bb5 Bd7 47.Qc7 Qxc7 48.Rxc7  1-0

[Event "YM"]
[Site "Zug SUI"]
[Date "2001.10.19"]
[Round "11"]
[White "Moor,O"]
[Black "Jenni,F"]
[Result "0-1"]
[WhiteElo "2380"]
[BlackElo "2487"]

1.d4 Nf6 2.c4 e6 3.Nf3 b6 4.a3 Bb7 5.Nc3 d5 6.cxd5 Nxd5 7.Bd2 Be7 8.Qc2 O-O
9.e4 Nxc3 10.Bxc3 c5 11.dxc5 bxc5 12.Ne5 Qc7 13.Nc4 Nc6 14.Rd1 Rfd8 15.Bd3 Nd4
16.Qb1 a5 17.O-O a4 18.Rfe1 Rd7 19.Qc1 Bc6 20.Qe3 Bb5 21.Qh3 g6 22.Ne5 Qxe5
23.Bxb5 Rdd8 24.Bc4 Qc7 25.Rf1 Bd6 26.Qh6 Bf4 27.Qh4 Rd7 28.Kh1 Rad8 29.Rd3 h6
30.f3 Kh7 31.Qf2 Qc6 32.Rfd1 h5 33.Qh4 Bh6 34.Re1 Nc2 35.Qxd8 Rxd8 36.Rxd8 Bg7
37.Rc1 Bxc3 38.Rxc2 Bd4 39.g3 Qb7 40.Kg2 Bxb2 41.Rd3 Bd4 42.Rd1 g5 43.Re2 Kg7
44.Rc1 Qb8 45.Ba2 h4 46.gxh4 Qf4 47.Rf1 Qxh4 48.Bc4 Kf6 49.Bb5 Ke7 50.Kh1 g4
51.Bd3 gxf3 52.Rxf3 Qg4 53.Rg3 Qf4 54.Kg2 Qc1 55.Bc2 Qg1+ 56.Kh3 Qf1+ 57.Reg2 Be5
58.Re3 Qf6 59.Rd3 c4 60.Rdg3 Bxg3 61.hxg3 Qf3  0-1

[Event "TCh-SLO"]
[Site "Bled SLO"]
[Date "2001.10.20"]
[Round "3"]
[White "Soln,P"]
[Black "Sax,G"]
[Result "1/2-1/2"]
[WhiteElo "2415"]
[BlackElo "2593"]

1.d4 Nf6 2.c4 e6 3.Nf3 b6 4.a3 Bb7 5.Nc3 d5 6.cxd5 Nxd5 7.e3 g6 8.Nxd5 exd5
9.b4 Bg7 10.Be2 O-O 11.Qb3 Nd7 12.Bb2 c6 13.O-O Qe7 14.a4 Rab8 15.a5 c5 16.dxc5 Bxb2
17.Qxb2 bxc5 18.bxc5 Ba6  1/2-1/2